000 00491nam a2200181 a 4500
001 1754731816504
003 YourLibrary
005 20250809150529.0
008 250809s1999##################000#0#eng##
020 _a9788876422621
082 0 4 _a515.7248
_bSTR
100 1 _aStrocchi, Franco,
_eauthor.
245 1 0 _aSymmetry breaking in classical systems :
260 _bEdizioni della Normale,
_c1999.
650 0 _aScience.
942 _cENGLISH
040 _aYourLibrary
_beng
_cYourLibrary
999 _c579661
_d579661